[Event "9. Forchheimer Sparkassen Open 2010"]
[Site "Forchheim"]
[Date "2010.10.02"]
[Round "2.21"]
[White "Larisch, Thomas"]
[Black "Ulusoy, Tolga"]
[Result "1/2-1/2"]
[WhiteElo "1597"]
[BlackElo "1993"]
[PlyCount "229"]
[EventDate "2010.??.??"]
[WhiteTeam "RMV Conc. Strullendorf"]
[BlackTeam "SC Noris-Tarrasch Nürnberg 1873"]

1. b4 {[%emt 0:00:00]} e5 {[%emt 0:00:02]} 2. Bb2 {[%emt 0:00:02]} Bxb4 {
[%emt 0:00:01]} 3. Bxe5 {[%emt 0:00:02]} Nf6 {[%emt 0:00:02]} 4. Nf3 {
[%emt 0:00:02]} O-O {[%emt 0:00:02]} 5. c3 {[%emt 0:00:02]} Ba5 {[%emt 0:00:04]
} 6. e3 {[%emt 0:00:03]} d5 {[%emt 0:00:02]} 7. Qa4 {[%emt 0:00:02]} Bb6 {
[%emt 0:00:02]} 8. Be2 {[%emt 0:00:02]} Nbd7 {[%emt 0:00:02]} 9. Bg3 {
[%emt 0:00:02]} Nc5 {[%emt 0:00:01]} 10. Qc2 {[%emt 0:00:03]} Nce4 {
[%emt 0:00:01]} 11. a4 {[%emt 0:00:02]} c5 {[%emt 0:00:01]} 12. Bh4 {
[%emt 0:00:02]} Re8 {[%emt 0:00:01]} 13. Bb5 {[%emt 0:00:02]} Rf8 {
[%emt 0:00:02]} 14. Be2 {[%emt 0:00:12]} a6 {[%emt 0:00:02]} 15. d3 {
[%emt 0:00:03]} Nd6 {[%emt 0:00:01]} 16. Nbd2 {[%emt 0:00:03]} Nf5 {
[%emt 0:00:01]} 17. Bg3 {[%emt 0:00:02]} Re8 {[%emt 0:00:01]} 18. d4 {
[%emt 0:00:03]} c4 {[%emt 0:00:01]} 19. Nh4 {[%emt 0:00:03]} Nd6 {
[%emt 0:00:02]} 20. Nhf3 {[%emt 0:00:02]} Ba5 {[%emt 0:00:05]} 21. Bh4 {
[%emt 0:00:06]} Bf5 {[%emt 0:00:01]} 22. Qb2 {[%emt 0:00:02]} h6 {
[%emt 0:00:01]} 23. Ne5 {[%emt 0:00:01]} Qb6 {[%emt 0:00:02]} 24. Qxb6 {
[%emt 0:00:03]} Bxb6 {[%emt 0:00:01]} 25. a5 {[%emt 0:00:01]} Bc7 {
[%emt 0:00:02]} 26. Bxf6 {[%emt 0:00:04]} gxf6 {[%emt 0:00:01]} 27. Ng4 {
[%emt 0:00:01]} Kg7 {[%emt 0:00:03]} 28. h3 {[%emt 0:00:02]} Nb5 {
[%emt 0:00:02]} 29. Nb1 {[%emt 0:00:02]} Bxa5 {[%emt 0:00:03]} 30. Rxa5 {
[%emt 0:00:03]} Bxb1 {[%emt 0:00:01]} 31. Kd2 {[%emt 0:00:02]} Bg6 {
[%emt 0:00:02]} 32. Bf3 {[%emt 0:00:03]} Be4 {[%emt 0:00:01]} 33. Nh2 {
[%emt 0:00:02]} f5 {[%emt 0:00:01]} 34. Rc1 {[%emt 0:00:02]} Re6 {
[%emt 0:00:02]} 35. g3 {[%emt 0:00:03]} b6 {[%emt 0:00:01]} 36. Ra2 {
[%emt 0:00:20]} Nc7 {[%emt 0:00:01]} 37. Be2 {[%emt 0:00:03]} Bg2 {
[%emt 0:00:01]} 38. Bf1 {[%emt 0:00:02]} Bxf1 {[%emt 0:00:02]} 39. Rxf1 {
[%emt 0:00:02]} b5 {[%emt 0:00:02]} 40. Rfa1 {[%emt 0:00:02]} Rb6 {
[%emt 0:00:02]} 41. Nf3 {[%emt 0:00:03]} b4 {[%emt 0:00:01]} 42. Ne5 {
[%emt 0:00:02]} bxc3+ {[%emt 0:00:02]} 43. Kxc3 {[%emt 0:00:03]} Rd8 {
[%emt 0:00:07]} 44. Rb2 {[%emt 0:00:02]} Nb5+ {[%emt 0:00:02]} 45. Kc2 {
[%emt 0:00:01]} f6 {[%emt 0:00:01]} 46. Nf3 {[%emt 0:00:02]} Kf7 {
[%emt 0:00:01]} 47. Nh4 {[%emt 0:00:01]} Ke6 {[%emt 0:00:01]} 48. Rba2 {
[%emt 0:00:02]} Nc7 {[%emt 0:00:02]} 49. Ra5 {[%emt 0:00:02]} Rdb8 {
[%emt 0:00:04]} 50. R1a2 {[%emt 0:00:02]} Rb1 {[%emt 0:00:12]} 51. Ng6 {
[%emt 0:00:02]} Rf1 {[%emt 0:00:02]} 52. Nf4+ {[%emt 0:00:02]} Kd6 {
[%emt 0:00:01]} 53. Rxa6+ {[%emt 0:00:00]} Kd7 {[%emt 0:00:03]} 54. Ra7 {
[%emt 0:00:05]} Rxf2+ {[%emt 0:00:02]} 55. Kc1 {[%emt 0:00:04]} Rxa2 {
[%emt 0:00:02]} 56. Rxa2 {[%emt 0:00:02]} Kc6 {[%emt 0:00:02]} 57. Rf2 {
[%emt 0:00:03]} Rg8 {[%emt 0:00:03]} 58. Nh5 {[%emt 0:00:02]} Rg5 {
[%emt 0:00:02]} 59. Nxf6 {[%emt 0:00:02]} Rxg3 {[%emt 0:00:02]} 60. Rxf5 {
[%emt 0:00:02]} Rxh3 {[%emt 0:00:01]} 61. Ng4 {[%emt 0:00:09]} h5 {
[%emt 0:00:01]} 62. Ne5+ {[%emt 0:00:01]} Kd6 {[%emt 0:00:01]} 63. Rf6+ {
[%emt 0:00:02]} Ne6 {[%emt 0:00:01]} 64. Kd2 {[%emt 0:00:02]} Ke7 {
[%emt 0:00:01]} 65. Rf7+ {[%emt 0:00:02]} Ke8 {[%emt 0:00:01]} 66. Rd7 {
[%emt 0:00:03]} Ng5 {[%emt 0:00:01]} 67. Rxd5 {[%emt 0:00:03]} Ne4+ {
[%emt 0:00:02]} 68. Kc2 {[%emt 0:00:02]} Rh2+ {[%emt 0:00:02]} 69. Kc1 {
[%emt 0:00:02]} Rh1+ {[%emt 0:00:01]} 70. Kc2 {[%emt 0:00:02]} Rh2+ {
[%emt 0:00:01]} 71. Kc1 {[%emt 0:00:02]} Nf2 {[%emt 0:00:01]} 72. Nxc4 {
[%emt 0:00:02]} h4 {[%emt 0:00:02]} 73. Rh5 {[%emt 0:00:03]} h3 {[%emt 0:00:01]
} 74. Nd6+ {[%emt 0:00:03]} Kd7 {[%emt 0:00:02]} 75. Nf5 {[%emt 0:00:02]} Rg2 {
[%emt 0:00:02]} 76. e4 {[%emt 0:00:02]} h2 {[%emt 0:00:01]} 77. Rh7+ {
[%emt 0:00:02]} Ke8 {[%emt 0:00:01]} 78. Ng3 {[%emt 0:00:02]} Rxg3 {
[%emt 0:00:01]} 79. Rxh2 {[%emt 0:00:03]} Nxe4 {[%emt 0:00:03]} 80. Re2 {
[%emt 0:00:16]} Rg4 {[%emt 0:00:03]} 81. Kc2 {[%emt 0:00:03]} Kd7 {
[%emt 0:00:02]} 82. Kd3 {[%emt 0:00:02]} Nd6 {[%emt 0:00:02]} 83. Re3 {
[%emt 0:00:02]} Kc6 {[%emt 0:00:01]} 84. Re6 {[%emt 0:00:03]} Kd5 {
[%emt 0:00:02]} 85. Re5+ {[%emt 0:00:02]} Kc6 {[%emt 0:00:02]} 86. Re6 {
[%emt 0:00:02]} Rg3+ {[%emt 0:00:01]} 87. Re3 {[%emt 0:00:02]} Rg1 {
[%emt 0:00:02]} 88. Re5 {[%emt 0:00:02]} Rd1+ {[%emt 0:00:02]} 89. Kc3 {
[%emt 0:00:02]} Nb5+ {[%emt 0:00:02]} 90. Kb4 {[%emt 0:00:02]} Rxd4+ {
[%emt 0:00:01]} 91. Ka5 {[%emt 0:00:02]} Nc7 {[%emt 0:00:02]} 92. Rh5 {
[%emt 0:00:03]} Nd5 {[%emt 0:00:03]} 93. Rh6+ {[%emt 0:00:02]} Kc5 {
[%emt 0:00:02]} 94. Rh8 {[%emt 0:00:02]} Rd2 {[%emt 0:00:02]} 95. Rc8+ {
[%emt 0:00:02]} Kd6 {[%emt 0:00:02]} 96. Rd8+ {[%emt 0:00:02]} Kc6 {
[%emt 0:00:01]} 97. Rc8+ {[%emt 0:00:01]} Nc7 {[%emt 0:00:01]} 98. Kb4 {
[%emt 0:00:02]} Rc2 {[%emt 0:00:02]} 99. Kb3 {[%emt 0:00:01]} Rc5 {
[%emt 0:00:01]} 100. Rh8 {[%emt 0:00:03]} Rd5 {[%emt 0:00:02]} 101. Rh6+ {
[%emt 0:00:02]} Kc5 {[%emt 0:00:01]} 102. Rh3 {[%emt 0:00:01]} Nb5 {
[%emt 0:00:02]} 103. Rh4 {[%emt 0:00:03]} Nd4+ {[%emt 0:00:02]} 104. Kc3 {
[%emt 0:00:04]} Ne2+ {[%emt 0:00:02]} 105. Kc2 {[%emt 0:00:02]} Rd6 {
[%emt 0:00:01]} 106. Rh5+ {[%emt 0:00:04]} Kc4 {[%emt 0:00:01]} 107. Rh4+ {
[%emt 0:00:03]} Nd4+ {[%emt 0:00:02]} 108. Kb2 {[%emt 0:00:01]} Rb6+ {
[%emt 0:00:01]} 109. Kc1 {[%emt 0:00:02]} Rb3 {[%emt 0:00:02]} 110. Rg4 {
[%emt 0:00:03]} Rd3 {[%emt 0:00:04]} 111. Rg8 {[%emt 0:00:09]} Nb3+ {
[%emt 0:00:16]} 112. Kc2 {[%emt 0:00:02]} Rd2+ {[%emt 0:00:01]} 113. Kb1 {
[%emt 0:00:04]} Nc5 {[%emt 0:00:02]} 114. Rc8 {[%emt 0:00:04]} Kb3 {
[%emt 0:00:03]} 115. Rxc5 {[%emt 0:00:04]} 1/2-1/2

[Event "9. Forchheimer Sparkassen Open 2010"]
[Site "Forchheim"]
[Date "2010.10.02"]
[Round "2.22"]
[White "Luther, Helmut"]
[Black "Richter, Tony"]
[Result "1-0"]
[WhiteElo "2020"]
[BlackElo "1536"]
[PlyCount "93"]
[EventDate "2010.??.??"]
[WhiteTeam "SW Nürnberg Süd e.V."]
[BlackTeam "Thüringer SV Triebes"]

1. d4 {[%emt 0:00:00]} Nf6 {[%emt 0:00:01]} 2. c4 {[%emt 0:00:02]} e6 {
[%emt 0:00:01]} 3. Nf3 {[%emt 0:00:02]} d5 {[%emt 0:00:01]} 4. Nc3 {
[%emt 0:00:02]} c6 {[%emt 0:00:01]} 5. cxd5 {[%emt 0:00:03]} exd5 {
[%emt 0:00:07]} 6. Bg5 {[%emt 0:00:02]} Qa5 {[%emt 0:00:02]} 7. Bxf6 {
[%emt 0:00:02]} gxf6 {[%emt 0:00:02]} 8. g3 {[%emt 0:00:04]} Be7 {
[%emt 0:00:02]} 9. Bg2 {[%emt 0:00:02]} f5 {[%emt 0:00:02]} 10. e3 {
[%emt 0:00:02]} h5 {[%emt 0:00:02]} 11. h4 {[%emt 0:00:02]} Nd7 {[%emt 0:00:02]
} 12. a3 {[%emt 0:00:02]} Qd8 {[%emt 0:00:02]} 13. b4 {[%emt 0:00:02]} a6 {
[%emt 0:00:01]} 14. Rb1 {[%emt 0:00:01]} b5 {[%emt 0:00:02]} 15. Qc2 {
[%emt 0:00:02]} Nb6 {[%emt 0:00:02]} 16. Ne5 {[%emt 0:00:02]} Qd6 {
[%emt 0:00:03]} 17. Bh3 {[%emt 0:00:02]} Qf6 {[%emt 0:00:03]} 18. Ne2 {
[%emt 0:00:03]} Nc4 {[%emt 0:00:02]} 19. Nxc4 {[%emt 0:00:02]} dxc4 {
[%emt 0:00:02]} 20. Bg2 {[%emt 0:00:02]} Bd7 {[%emt 0:00:04]} 21. Bf3 {
[%emt 0:00:02]} Bd6 {[%emt 0:00:02]} 22. O-O {[%emt 0:00:02]} Kf8 {
[%emt 0:00:02]} 23. Bg2 {[%emt 0:00:03]} Rg8 {[%emt 0:00:02]} 24. Nc3 {
[%emt 0:00:03]} Bxg3 {[%emt 0:00:05]} 25. fxg3 {[%emt 0:00:02]} Rxg3 {
[%emt 0:00:02]} 26. Qf2 {[%emt 0:00:03]} Qxh4 {[%emt 0:00:05]} 27. Ne2 {
[%emt 0:00:03]} Rxg2+ {[%emt 0:00:03]} 28. Kxg2 {[%emt 0:00:02]} Qg5+ {
[%emt 0:00:02]} 29. Qg3 {[%emt 0:00:02]} Qh6 {[%emt 0:00:02]} 30. Kf2 {
[%emt 0:00:02]} c3 {[%emt 0:00:02]} 31. Nxc3 {[%emt 0:00:02]} Be6 {
[%emt 0:00:01]} 32. Qd6+ {[%emt 0:00:02]} Kg8 {[%emt 0:00:02]} 33. Rg1+ {
[%emt 0:00:02]} Kh7 {[%emt 0:00:06]} 34. Ne2 {[%emt 0:00:02]} Bd5 {
[%emt 0:00:02]} 35. Qxh6+ {[%emt 0:00:05]} Kxh6 {[%emt 0:00:01]} 36. Nf4 {
[%emt 0:00:02]} Be4 {[%emt 0:00:02]} 37. Rb2 {[%emt 0:00:03]} a5 {
[%emt 0:00:02]} 38. Rg3 {[%emt 0:00:02]} axb4 {[%emt 0:00:02]} 39. axb4 {
[%emt 0:00:01]} Ra1 {[%emt 0:00:02]} 40. Rh3 {[%emt 0:00:02]} h4 {
[%emt 0:00:02]} 41. Rxh4+ {[%emt 0:00:02]} Kg5 {[%emt 0:00:02]} 42. Rh3 {
[%emt 0:00:02]} Kg4 {[%emt 0:00:02]} 43. Rg3+ {[%emt 0:00:05]} Kh4 {
[%emt 0:00:02]} 44. Rg7 {[%emt 0:00:03]} Rh1 {[%emt 0:00:03]} 45. Ng2+ {
[%emt 0:00:03]} Bxg2 {[%emt 0:00:02]} 46. Kxg2 {[%emt 0:00:02]} Re1 {
[%emt 0:00:01]} 47. Kf3 {[%emt 0:00:02]} 1-0

[Event "9. Forchheimer Sparkassen Open 2010"]
[Site "Forchheim"]
[Date "2010.10.02"]
[Round "2.23"]
[White "Seifert, Heinz"]
[Black "Eichschmied, Patrick"]
[Result "1/2-1/2"]
[WhiteElo "1540"]
[BlackElo "1821"]
[PlyCount "78"]
[EventDate "2010.??.??"]
[WhiteTeam "1.FC Schwarzenfeld e.V."]
[BlackTeam "SV Haunwöhr SAbt"]

1. e4 {[%emt 0:00:00]} c5 {[%emt 0:00:01]} 2. Nc3 {[%emt 0:00:02]} Nc6 {
[%emt 0:00:02]} 3. g3 {[%emt 0:00:01]} g6 {[%emt 0:00:01]} 4. Bg2 {
[%emt 0:00:02]} Bg7 {[%emt 0:00:01]} 5. d3 {[%emt 0:00:02]} d6 {[%emt 0:00:01]}
6. f4 {[%emt 0:00:03]} e6 {[%emt 0:00:02]} 7. Nf3 {[%emt 0:00:02]} Nge7 {
[%emt 0:00:03]} 8. O-O {[%emt 0:00:02]} O-O {[%emt 0:00:01]} 9. Be3 {
[%emt 0:00:02]} Nd4 {[%emt 0:00:02]} 10. e5 {[%emt 0:00:02]} dxe5 {
[%emt 0:00:01]} 11. fxe5 {[%emt 0:00:03]} Nec6 {[%emt 0:00:02]} 12. Ne4 {
[%emt 0:00:02]} Nxe5 {[%emt 0:00:02]} 13. Nxe5 {[%emt 0:00:02]} Bxe5 {
[%emt 0:00:01]} 14. c3 {[%emt 0:00:02]} Nf5 {[%emt 0:00:02]} 15. Bxc5 {
[%emt 0:00:02]} Re8 {[%emt 0:00:02]} 16. Bf2 {[%emt 0:00:04]} Qc7 {
[%emt 0:00:02]} 17. d4 {[%emt 0:00:02]} Bg7 {[%emt 0:00:01]} 18. Nc5 {
[%emt 0:00:03]} Nd6 {[%emt 0:00:02]} 19. Re1 {[%emt 0:00:02]} Rb8 {
[%emt 0:00:01]} 20. d5 {[%emt 0:00:02]} b6 {[%emt 0:00:01]} 21. Ne4 {
[%emt 0:01:48]} Nxe4 {[%emt 0:00:02]} 22. Bxe4 {[%emt 0:00:02]} exd5 {
[%emt 0:00:02]} 23. Bxd5 {[%emt 0:00:01]} Bb7 {[%emt 0:00:03]} 24. Bxb7 {
[%emt 0:00:02]} Qxb7 {[%emt 0:00:01]} 25. Qa4 {[%emt 0:00:03]} Red8 {
[%emt 0:00:07]} 26. Rad1 {[%emt 0:00:03]} Rbc8 {[%emt 0:00:02]} 27. Rxd8+ {
[%emt 0:00:02]} Rxd8 {[%emt 0:00:01]} 28. Re8+ {[%emt 0:00:00]} Rxe8 {
[%emt 0:00:02]} 29. Qxe8+ {[%emt 0:00:01]} Bf8 {[%emt 0:00:01]} 30. Bd4 {
[%emt 0:00:04]} Qd5 {[%emt 0:00:03]} 31. Qe5 {[%emt 0:00:02]} Qxe5 {
[%emt 0:00:02]} 32. Bxe5 {[%emt 0:00:01]} Bc5+ {[%emt 0:00:06]} 33. Kg2 {
[%emt 0:00:01]} f5 {[%emt 0:00:01]} 34. b4 {[%emt 0:00:03]} Be3 {[%emt 0:00:03]
} 35. b5 {[%emt 0:00:05]} Kf7 {[%emt 0:00:02]} 36. Bb8 {[%emt 0:00:02]} Ke6 {
[%emt 0:00:02]} 37. Kf3 {[%emt 0:00:02]} Bg1 {[%emt 0:00:02]} 38. Bxa7 {
[%emt 0:00:03]} Kd5 {[%emt 0:00:03]} 39. Bb8 {[%emt 0:00:02]} Kc4 {
[%emt 0:00:03]} 1/2-1/2

[Event "9. Forchheimer Sparkassen Open 2010"]
[Site "Forchheim"]
[Date "2010.10.02"]
[Round "2.24"]
[White "Hess, Max"]
[Black "Stegmaier, Michael"]
[Result "0-1"]
[WhiteElo "1532"]
[BlackElo "1850"]
[PlyCount "58"]
[EventDate "2010.??.??"]
[WhiteTeam "Post-SV Memmingen e.V."]
[BlackTeam "SC Tamm 74"]

1. e4 {[%emt 0:00:00]} c5 {[%emt 0:00:01]} 2. Nf3 {[%emt 0:00:02]} d6 {
[%emt 0:00:01]} 3. d4 {[%emt 0:00:02]} cxd4 {[%emt 0:00:01]} 4. Nxd4 {
[%emt 0:00:01]} Nf6 {[%emt 0:00:01]} 5. Nc3 {[%emt 0:00:02]} g6 {[%emt 0:00:01]
} 6. Be3 {[%emt 0:00:02]} Bg7 {[%emt 0:00:02]} 7. Bc4 {[%emt 0:00:02]} Nc6 {
[%emt 0:00:04]} 8. Qd2 {[%emt 0:00:02]} O-O {[%emt 0:00:02]} 9. f3 {
[%emt 0:00:02]} Bd7 {[%emt 0:00:01]} 10. O-O-O {[%emt 0:00:04]} Rc8 {
[%emt 0:00:02]} 11. Bb3 {[%emt 0:00:02]} Ne5 {[%emt 0:00:02]} 12. g4 {
[%emt 0:00:03]} b5 {[%emt 0:00:02]} 13. h4 {[%emt 0:00:02]} a5 {[%emt 0:00:02]}
14. Bh6 {[%emt 0:00:02]} a4 {[%emt 0:00:03]} 15. Bd5 {[%emt 0:00:04]} e6 {
[%emt 0:00:02]} 16. Bb7 {[%emt 0:00:02]} Rb8 {[%emt 0:00:04]} 17. Ba6 {
[%emt 0:00:02]} Qa5 {[%emt 0:00:03]} 18. Bxg7 {[%emt 0:00:03]} Kxg7 {
[%emt 0:00:01]} 19. Bxb5 {[%emt 0:00:03]} Bxb5 {[%emt 0:00:03]} 20. Ncxb5 {
[%emt 0:00:02]} Rxb5 {[%emt 0:00:02]} 21. Nxb5 {[%emt 0:00:02]} Qxb5 {
[%emt 0:00:01]} 22. Qc3 {[%emt 0:00:02]} Qa6 {[%emt 0:00:01]} 23. Rdg1 {
[%emt 0:00:03]} Rc8 {[%emt 0:00:02]} 24. Qe3 {[%emt 0:00:02]} Qc4 {
[%emt 0:00:02]} 25. Rh2 {[%emt 0:00:02]} Qxa2 {[%emt 0:00:05]} 26. c3 {
[%emt 0:00:01]} Nc4 {[%emt 0:00:06]} 27. Qf2 {[%emt 0:00:02]} Qa1+ {
[%emt 0:00:14]} 28. Kc2 {[%emt 0:00:04]} Qxb2+ {[%emt 0:00:02]} 29. Kd3 {
[%emt 0:00:01]} Ne5+ {[%emt 0:00:03]} 0-1

[Event "9. Forchheimer Sparkassen Open 2010"]
[Site "Forchheim"]
[Date "2010.10.02"]
[Round "2.25"]
[White "Kean, Christopher"]
[Black "Üstün, Engin"]
[Result "0-1"]
[WhiteElo "1661"]
[BlackElo "1820"]
[PlyCount "148"]
[EventDate "2010.??.??"]
[WhiteTeam "SC Leinfelden"]
[BlackTeam "SF Windheim e.V."]

1. c4 {[%emt 0:00:00]} Nf6 {[%emt 0:00:02]} 2. Nc3 {[%emt 0:00:02]} g6 {
[%emt 0:00:01]} 3. g3 {[%emt 0:00:02]} Bg7 {[%emt 0:00:01]} 4. d3 {
[%emt 0:00:00]} d5 {[%emt 0:00:02]} 5. Bg2 {[%emt 0:00:03]} c6 {[%emt 0:00:01]}
6. e3 {[%emt 0:00:02]} O-O {[%emt 0:00:02]} 7. Nge2 {[%emt 0:00:03]} Bg4 {
[%emt 0:00:03]} 8. f3 {[%emt 0:00:02]} Bf5 {[%emt 0:00:02]} 9. Nd4 {
[%emt 0:00:02]} Bc8 {[%emt 0:00:02]} 10. O-O {[%emt 0:00:02]} e5 {
[%emt 0:00:01]} 11. Nde2 {[%emt 0:00:04]} Be6 {[%emt 0:00:02]} 12. b3 {
[%emt 0:00:02]} Nbd7 {[%emt 0:00:02]} 13. Ba3 {[%emt 0:00:03]} Re8 {
[%emt 0:00:20]} 14. e4 {[%emt 0:01:01]} d4 {[%emt 0:00:02]} 15. Nb1 {
[%emt 0:00:02]} c5 {[%emt 0:00:01]} 16. Bc1 {[%emt 0:00:03]} Nh5 {
[%emt 0:00:02]} 17. f4 {[%emt 0:00:02]} exf4 {[%emt 0:00:02]} 18. Nxf4 {
[%emt 0:00:02]} Nxf4 {[%emt 0:00:02]} 19. gxf4 {[%emt 0:00:02]} Nf8 {
[%emt 0:00:03]} 20. f5 {[%emt 0:00:02]} Bc8 {[%emt 0:00:02]} 21. Qg4 {
[%emt 0:00:04]} Nd7 {[%emt 0:00:02]} 22. Bg5 {[%emt 0:00:02]} f6 {
[%emt 0:00:01]} 23. Bf4 {[%emt 0:00:02]} Ne5 {[%emt 0:00:02]} 24. Bxe5 {
[%emt 0:00:01]} Rxe5 {[%emt 0:00:01]} 25. Bh3 {[%emt 0:00:00]} Bh6 {
[%emt 0:00:05]} 26. Na3 {[%emt 0:00:02]} Kh8 {[%emt 0:00:02]} 27. Nc2 {
[%emt 0:00:03]} Bd7 {[%emt 0:00:03]} 28. Rf2 {[%emt 0:00:03]} gxf5 {
[%emt 0:00:06]} 29. exf5 {[%emt 0:00:04]} Qe7 {[%emt 0:00:04]} 30. Qh5 {
[%emt 0:00:06]} Rg8+ {[%emt 0:00:03]} 31. Rg2 {[%emt 0:00:11]} Rxg2+ {
[%emt 0:00:05]} 32. Bxg2 {[%emt 0:00:02]} Qg7 {[%emt 0:00:05]} 33. Rf1 {
[%emt 0:00:03]} Bc6 {[%emt 0:00:02]} 34. Rf2 {[%emt 0:00:03]} Be8 {
[%emt 0:00:02]} 35. Qf3 {[%emt 0:00:04]} b6 {[%emt 0:00:03]} 36. Qg3 {
[%emt 0:00:02]} Qe7 {[%emt 0:00:03]} 37. Be4 {[%emt 0:00:02]} Bd7 {
[%emt 0:00:15]} 38. Qg2 {[%emt 0:00:02]} Qe8 {[%emt 0:00:02]} 39. h3 {
[%emt 0:00:02]} Re7 {[%emt 0:00:02]} 40. Rf3 {[%emt 0:00:02]} Qh5 {
[%emt 0:00:02]} 41. Kf1 {[%emt 0:00:02]} Rg7 {[%emt 0:00:02]} 42. Qh2 {
[%emt 0:00:02]} Qg5 {[%emt 0:00:01]} 43. Ne1 {[%emt 0:00:02]} Qc1 {
[%emt 0:00:02]} 44. Qc2 {[%emt 0:00:05]} Qg5 {[%emt 0:00:02]} 45. Qh2 {
[%emt 0:00:02]} Be8 {[%emt 0:00:02]} 46. Qg2 {[%emt 0:00:03]} Qh4 {
[%emt 0:00:02]} 47. Qf2 {[%emt 0:00:02]} Qg5 {[%emt 0:00:01]} 48. Qg2 {
[%emt 0:00:01]} Qh5 {[%emt 0:00:04]} 49. Rg3 {[%emt 0:00:02]} Rxg3 {
[%emt 0:00:02]} 50. Qxg3 {[%emt 0:00:01]} Bd7 {[%emt 0:00:01]} 51. Qg4 {
[%emt 0:00:57]} Qg5 {[%emt 0:00:02]} 52. Qxg5 {[%emt 0:00:02]} Bxg5 {
[%emt 0:00:01]} 53. Nf3 {[%emt 0:00:02]} Bf4 {[%emt 0:00:01]} 54. Kg2 {
[%emt 0:00:02]} Kg7 {[%emt 0:00:02]} 55. Nh2 {[%emt 0:00:02]} h5 {
[%emt 0:00:01]} 56. h4 {[%emt 0:00:02]} Kf8 {[%emt 0:00:01]} 57. Nf1 {
[%emt 0:00:03]} Ke7 {[%emt 0:00:02]} 58. Kf3 {[%emt 0:00:02]} Bh6 {
[%emt 0:00:03]} 59. Ng3 {[%emt 0:00:02]} Be8 {[%emt 0:00:02]} 60. a4 {
[%emt 0:00:13]} Kd6 {[%emt 0:00:13]} 61. Ne2 {[%emt 0:00:07]} Ke5 {
[%emt 0:00:14]} 62. Ng3 {[%emt 0:00:14]} Bf4 {[%emt 0:00:02]} 63. Ne2 {
[%emt 0:00:05]} Bd2 {[%emt 0:00:02]} 64. Kf2 {[%emt 0:00:02]} Bf7 {
[%emt 0:00:02]} 65. Bf3 {[%emt 0:00:03]} Bf4 {[%emt 0:00:02]} 66. Nxf4 {
[%emt 0:00:03]} Kxf4 {[%emt 0:00:01]} 67. Bc6 {[%emt 0:00:01]} Kg4 {
[%emt 0:00:02]} 68. Kg2 {[%emt 0:00:02]} Kxh4 {[%emt 0:00:02]} 69. Kf3 {
[%emt 0:00:01]} Kg5 {[%emt 0:00:01]} 70. Ke4 {[%emt 0:00:02]} h4 {
[%emt 0:00:01]} 71. Kf3 {[%emt 0:00:02]} Bh5+ {[%emt 0:00:02]} 72. Kg2 {
[%emt 0:00:02]} Kxf5 {[%emt 0:00:05]} 73. Bd7+ {[%emt 0:00:13]} Kg5 {
[%emt 0:00:02]} 74. Kh3 {[%emt 0:00:02]} Bd1 {[%emt 0:00:02]} 0-1

[Event "9. Forchheimer Sparkassen Open 2010"]
[Site "Forchheim"]
[Date "2010.10.02"]
[Round "2.26"]
[White "Spiegelhauer, Tilmann"]
[Black "Forster, Stephan"]
[Result "0-1"]
[WhiteElo "1880"]
[BlackElo "1521"]
[PlyCount "73"]
[EventDate "2010.??.??"]
[WhiteTeam "SC Uttenreuth e.V."]
[BlackTeam "SG Siemens Amberg"]

1. d4 {[%emt 0:00:00]} f5 {[%emt 0:00:01]} 2. c4 {[%emt 0:00:02]} Nf6 {
[%emt 0:00:01]} 3. Nc3 {[%emt 0:00:02]} d6 {[%emt 0:00:01]} 4. Nf3 {
[%emt 0:00:02]} g6 {[%emt 0:00:01]} 5. g3 {[%emt 0:00:00]} Bg7 {[%emt 0:00:02]}
6. Bg2 {[%emt 0:00:02]} O-O {[%emt 0:00:02]} 7. O-O {[%emt 0:00:02]} c6 {
[%emt 0:00:02]} 8. Qb3 {[%emt 0:00:02]} Qe8 {[%emt 0:00:02]} 9. d5 {
[%emt 0:00:02]} cxd5 {[%emt 0:00:02]} 10. cxd5 {[%emt 0:00:01]} Na6 {
[%emt 0:00:01]} 11. Rb1 {[%emt 0:00:03]} Nc5 {[%emt 0:00:01]} 12. Qd1 {
[%emt 0:00:02]} a5 {[%emt 0:00:02]} 13. Nd4 {[%emt 0:00:02]} Bd7 {
[%emt 0:00:02]} 14. Nb3 {[%emt 0:00:02]} b6 {[%emt 0:00:01]} 15. Nxc5 {
[%emt 0:00:02]} bxc5 {[%emt 0:00:03]} 16. Bg5 {[%emt 0:00:02]} Rb8 {
[%emt 0:00:02]} 17. Qd2 {[%emt 0:00:02]} Rf7 {[%emt 0:00:02]} 18. Bh6 {
[%emt 0:00:06]} Bh8 {[%emt 0:00:02]} 19. f3 {[%emt 0:00:02]} Rb4 {
[%emt 0:00:06]} 20. Kh1 {[%emt 0:00:02]} Rd4 {[%emt 0:00:02]} 21. Qe1 {
[%emt 0:00:03]} Nxd5 {[%emt 0:00:06]} 22. Nxd5 {[%emt 0:00:02]} Rxd5 {
[%emt 0:00:01]} 23. Qxa5 {[%emt 0:00:03]} Re5 {[%emt 0:00:02]} 24. e4 {
[%emt 0:00:03]} fxe4 {[%emt 0:00:02]} 25. fxe4 {[%emt 0:00:01]} c4 {
[%emt 0:00:02]} 26. Qa7 {[%emt 0:00:02]} Bg7 {[%emt 0:00:04]} 27. Rxf7 {
[%emt 0:00:03]} Kxf7 {[%emt 0:00:02]} 28. Rf1+ {[%emt 0:00:02]} Bf6 {
[%emt 0:00:04]} 29. Qd4 {[%emt 0:00:04]} Be6 {[%emt 0:00:03]} 30. Qa7 {
[%emt 0:00:03]} Rh5 {[%emt 0:00:03]} 31. Bf4 {[%emt 0:00:10]} Kg8 {
[%emt 0:00:03]} 32. Bxd6 {[%emt 0:00:02]} Qd8 {[%emt 0:00:08]} 33. Bc7 {
[%emt 0:00:03]} Qd2 {[%emt 0:00:03]} 34. Qa8+ {[%emt 0:00:06]} Kg7 {
[%emt 0:00:02]} 35. e5 {[%emt 0:00:02]} Bd5 {[%emt 0:00:02]} 36. exf6+ {
[%emt 0:00:03]} exf6 {[%emt 0:00:02]} 37. Bxd5 {[%emt 0:00:03]} 0-1